000 00762nam a2200265Ia 4500
003 OSt
005 20221005041117.0
006 a|||||r|||| 00| 0
007 ta
008 221004b |||||||| |||| 00| 0 eng d
020 _a9788171105946 (hbk)
_cINR 250.00
024 _a41172
037 _b229, 14/01/2019, Eastern Book Linkers
_cTextual
040 _aCRL
_cCRL
_beng
041 _2eng
_aeng
082 _aQ11:21, Q8
100 _aPradeep Au.
_9183069
245 0 _aHymns from rig veda
260 _aDelhi
_bParimal Pubications India
_c2018
300 _avii,240p.
_ccm.
650 _a VEDAS
650 _aRELIGION
942 _hQ11:21, Q8
_cTEXL
_2cc
999 _c947988
_d947988